Long-métrages Michel Ocelot - Statistiques

Statistiques générales
  • Ce quiz a été pris 28 fois
  • Le résultat moyen est 5 sur 9
Statistiques - réponses
Année Réponse % Correct
2006 Azur et Asmar
92%
1998 Kirikou et la sorcière
79%
2012 Kirikou et les Hommes et les Femmes
67%
2005 Kirikou et les Bêtes sauvages
58%
2000 Princes et Princesses
58%
2018 Dilili à Paris
54%
2011 Les contes de la nuit
42%
2016 Ivan Tsarévitch et la Princesse changeante
13%
2022 Le Pharaon, le Sauvage et le Princesse
0%
Aucun quiz correspondant
Distribution des résultats
% des personnes avec chaque résultat
Percentile par nombre de réponses
Votre historique - résultats
Vous n’avez pas pris ce quiz